| 000 | 00361nam a2200133Ia 4500 | ||
|---|---|---|---|
| 008 | 210430s9999 xx 000 0 und d | ||
| 020 | _a0-85404-664-X | ||
| 082 | _a620.5 O996 N | ||
| 100 | _aGeoffrey A Ozin | ||
| 245 |
_aNano chemistry A Chemical Approach to Nanomaterials _cGeoffrey A Ozin |
||
| 260 |
_aUk _bRSC _c2006 |
||
| 300 | _a628P | ||
| 942 |
_cBK _2ddc |
||
| 999 |
_c564750 _d564750 |
||